| 000 -ლიდერი |
| ფიქსირებული სიგრძის საკონტროლო ველი |
01008nam a22002057a 4500 |
| 003 - საკონტროლო ნომრის იდენტიფიკატორი |
| საკონტროლო ველი |
Ge_BSU |
| 005 - ბოლო ოპერაციის თარიღი და დრო |
| საკონტროლო ველი |
20200603133400.0 |
| 008 - ფიქსირებული სიგრძის მონაცემთა ელემენტები - ზოგადი ინფორმაცია |
| ფიქსირებული სიგრძის საკონტროლო ველი |
200603s2008ge xxu||||| |||| 00| 0 geo d |
| 041 ## - ენის კოდი |
| Language code of text/sound track or separate title |
geo |
| 080 ## - უნივერსალური ათობითი კლასიფიკაციის ინდექსი |
| Universal Decimal Classification number |
630.16 ჯ-26 |
| 100 ## - მთავარი ჩანაწერი - პიროვნების სახელი |
| Personal name |
ჯაფარიძე, თენგიზ. |
| 9 (RLIN) |
8289 |
| 245 ## - ცნობა სათაურის შესახებ |
| Title |
ტყის კულტურები : |
| Remainder of title |
(ტყის ხელოვნური გაშენება) / |
| Statement of responsibility, etc |
თენგიზ ჯაფარიძე ; რევაზ ჩაგელიშვილი ; რუსლან რუხაძე ; რედ. გ. ხარაიშვილი . |
| 264 ## - წარმოების, გამოცემის, დისტრიბუციის და სხვა ცნობები |
| გამოცემის, წარმოების, დისტრიბუციის... ადგილი |
თბილისი, |
| გამოცემის, წარმოების, დისტრიბუციის... თარიღი |
2008. |
| 300 ## - ფიზიკური აღწერა |
| Extent |
296 გვ. |
| Other physical details |
სურ. ; |
| Dimensions |
20 სმ. |
| 500 ## - ზოგადი შენიშვნა |
| General note |
დანართი: გვ. 275-287. |
| 700 ## - ADDED ENTRY--PERSONAL NAME |
| Personal name |
ჩაგელიშვილი, რევაზ |
| 9 (RLIN) |
8290 |
| 700 ## - ADDED ENTRY--PERSONAL NAME |
| Personal name |
რუხაძე , რუსლან |
| 9 (RLIN) |
8291 |
| 700 ## - ADDED ENTRY--PERSONAL NAME |
| Personal name |
ხარაიშვილი, გ |
| Relator term |
რედაქტორი |
| 9 (RLIN) |
8292 |
| 942 ## - ADDED ENTRY ELEMENTS (KOHA) |
| Source of classification or shelving scheme |
|
| Koha item type |
წიგნი |